000 00257nam a22001097a 4500
008 170123b xxu||||| |||| 00| 0 eng d
020 _a9780397554317
041 _aeng
080 _27TH
_a618.2
245 _aNURSING DIAGNOSIS
_cCARPENITO, L.J
942 _2udc
_cBK
999 _c3398
_d3398